000 01093nam a22002057a 4500
999 _c63007
_d63007
003 Ge_BSU
005 20250430153627.0
008 250430s2009 ge ||||| |||| 00| 0 geo d
020 _a9789941147692
041 _ageo
080 _a633(075.32) კ-77
100 _aკორახაშვილი, ა.
_912607
245 _aმემინდვრეობა :
_bსახელმძღვ. შემუშავებულია ამერიკის სათემო კოლეჯები საერთაშორისო განვითარებისათვის ბაზაზე /
_cა. კორახაშვილი; [რედ. ნ. დოლიძე].
264 _aთბ. :
_b[ტექნ. უნ-ტი],
_c2009.
300 _a271 გვ. :
_b ცხრ., სურ. ;
_c29 სმ.
653 _aსახელობო პროფესიული განათლება
653 _aმემინდვრეობა
700 _aდოლიძე, ნ.
_eრედაქტორი
_924978
942 _2udc
_cᲬᲘᲒᲜᲘ